00499nam a2200205Ia 4500008004100000020001800041041000800059082001800067100001800085245004100103250000800144260003400152300000800186365001400194650001600208650002300224650001200247650001600259700001800275140306s9999 xx 000 0 und d a9788120327672 aeng a658.5bPAN/PR aOakland, John aProduction and operations management a2nd aNew DelhibPHI Learningc2009 a546 bRs. 295/- aForecasting aOperation strategy aQuality aReliability aPanneerselvam